[Event "2024 US National High School (K-12) Championship"]
[Site "Baltimore, Maryland, United States"]
[Date "2024.04.07"]
[Round "6.19"]
[White "Jammalamadaka, Varnika"]
[Black "Slate, Kent"]
[Result "0-1"]
[TimeControl "G/90; d10"]
[WhiteFideId "30970229"]
[BlackFideId "30961564"]
[WhiteElo "1727"]
[BlackElo "2240"]

1. d4 {[%clk 01:30:00]} {[%emt 00:00:04]} Nf6 {[%clk 01:23:32]} {[%emt
00:06:38]} 2. c4 {[%clk 01:30:00]} {[%emt 00:00:11]} a6 {[%clk 01:23:32]}
{[%emt 00:00:04]} 3. Nc3 {[%clk 01:29:53]} {[%emt 00:00:16]} c5 {[%clk
01:23:32]} {[%emt 00:00:06]} 4. Nf3 {[%clk 01:26:53]} {[%emt 00:03:09]} cxd4
{[%clk 01:23:32]} {[%emt 00:00:10]} 5. Nxd4 {[%clk 01:26:52]} {[%emt 00:00:11]}
e6 {[%clk 01:23:32]} {[%emt 00:00:05]} 6. Bf4 {[%clk 01:21:33]} {[%emt
00:05:28]} d5 {[%clk 01:20:10]} {[%emt 00:03:33]} 7. e3 {[%clk 01:19:31]}
{[%emt 00:02:11]} Nbd7 {[%clk 01:19:38]} {[%emt 00:00:42]} 8. Nf3 {[%clk
01:13:02]} {[%emt 00:06:39]} Bb4 {[%clk 01:18:56]} {[%emt 00:00:52]} 9. Qc2
{[%clk 01:09:01]} {[%emt 00:04:12]} O-O {[%clk 01:18:25]} {[%emt 00:00:41]} 10.
a3 {[%clk 01:05:28]} {[%emt 00:03:42]} Ba5 {[%clk 01:13:49]} {[%emt 00:04:45]}
11. b4 {[%clk 01:02:16]} {[%emt 00:03:22]} Bc7 {[%clk 01:13:13]} {[%emt
00:00:46]} 12. Bg3 {[%clk 00:59:29]} {[%emt 00:02:57]} a5 {[%clk 01:10:42]}
{[%emt 00:02:42]} 13. b5 {[%clk 00:54:09]} {[%emt 00:05:29]} h6 {[%clk
01:02:15]} {[%emt 00:08:37]} 14. Be2 {[%clk 00:52:04]} {[%emt 00:02:16]} dxc4
{[%clk 01:01:24]} {[%emt 00:01:01]} 15. Bxc4 {[%clk 00:51:23]} {[%emt
00:00:51]} Bxg3 {[%clk 01:00:33]} {[%emt 00:01:02]} 16. hxg3 {[%clk 00:51:23]}
{[%emt 00:00:09]} Qc7 {[%clk 01:00:30]} {[%emt 00:00:14]} 17. Ne2 {[%clk
00:42:48]} {[%emt 00:08:44]} b6 {[%clk 00:59:16]} {[%emt 00:01:24]} 18. Ned4
{[%clk 00:39:04]} {[%emt 00:03:54]} Nc5 {[%clk 00:58:53]} {[%emt 00:00:32]} 19.
O-O {[%clk 00:34:32]} {[%emt 00:04:43]} Bb7 {[%clk 00:58:40]} {[%emt 00:00:24]}
20. Rac1 {[%clk 00:32:33]} {[%emt 00:02:08]} Rac8 {[%clk 00:58:18]} {[%emt
00:00:32]} 21. Rfd1 {[%clk 00:28:36]} {[%emt 00:04:07]} e5 {[%clk 00:55:56]}
{[%emt 00:02:33]} 22. Nb3 {[%clk 00:25:38]} {[%emt 00:03:08]} Qe7 {[%clk
00:46:02]} {[%emt 00:10:03]} 23. Nh4 {[%clk 00:17:03]} {[%emt 00:08:45]} Be4
{[%clk 00:45:04]} {[%emt 00:01:08]} 24. Qa2 {[%clk 00:13:09]} {[%emt 00:04:04]}
Nfd7 {[%clk 00:42:08]} {[%emt 00:03:07]} 25. Nxc5 {[%clk 00:08:28]} {[%emt
00:04:50]} Rxc5 {[%clk 00:42:03]} {[%emt 00:00:15]} 26. Qe2 {[%clk 00:07:21]}
{[%emt 00:01:17]} Rfc8 {[%clk 00:41:23]} {[%emt 00:00:51]} 27. Qd2 {[%clk
00:04:09]} {[%emt 00:03:22]} Nf6 {[%clk 00:35:57]} {[%emt 00:05:35]} 28. Be2
{[%clk 00:03:28]} {[%emt 00:00:51]} g5 {[%clk 00:34:44]} {[%emt 00:01:22]} 29.
Nf3 {[%clk 00:03:10]} {[%emt 00:00:29]} Kg7 {[%clk 00:34:41]} {[%emt 00:00:13]}
30. Rxc5 {[%clk 00:02:57]} {[%emt 00:00:23]} Rxc5 {[%clk 00:34:41]} {[%emt
00:00:07]} 31. Bf1 {[%clk 00:02:17]} {[%emt 00:00:50]} Rc2 {[%clk 00:34:34]}
{[%emt 00:00:17]} 32. Qd6 {[%clk 00:02:12]} {[%emt 00:00:15]} Qxd6 {[%clk
00:30:26]} {[%emt 00:04:19]} 33. Rxd6 {[%clk 00:02:12]} {[%emt 00:00:01]} Ng4
{[%clk 00:30:26]} {[%emt 00:00:02]} 34. Rxb6 {[%clk 00:02:00]} {[%emt
00:00:23]} Nxf2 {[%clk 00:30:26]} {[%emt 00:00:05]} 35. Rd6 {[%clk 00:01:24]}
{[%emt 00:00:46]} Ng4 {[%clk 00:30:23]} {[%emt 00:00:12]} 36. b6 {[%clk
00:01:07]} {[%emt 00:00:27]} Nxe3 {[%clk 00:30:23]} {[%emt 00:00:06]} 37. Nxe5
{[%clk 00:00:38]} {[%emt 00:00:40]} Rc1 {[%clk 00:26:21]} {[%emt 00:04:13]} 38.
Kf2 {[%clk 00:00:38]} {[%emt 00:00:07]} Nxf1 {[%clk 00:26:21]} {[%emt
00:00:06]} 39. Rd7 {[%clk 00:00:38]} {[%emt 00:00:10]} Kf6 {[%clk 00:26:20]}
{[%emt 00:00:11]} 40. b7 {[%clk 00:00:32]} {[%emt 00:00:16]} Bxb7 {[%clk
00:23:54]} {[%emt 00:02:36]} 41. Ng4+ {[%clk 00:00:32]} {[%emt 00:00:03]} Kf5
{[%clk 00:23:54]} 42. Nxh6+ {[%clk 00:00:28]} {[%emt 00:00:13]} Kg6 {[%clk
00:23:54]} {[%emt 00:00:01]} 43. Rxb7 {[%clk 00:00:28]} {[%emt 00:00:08]} Kxh6
{[%clk 00:23:54]} {[%emt 00:00:04]} 44. Rxf7 {[%clk 00:00:28]} {[%emt
00:00:01]} Nd2 {[%clk 00:23:44]} {[%emt 00:00:20]} 45. Rf6+ {[%clk 00:00:24]}
{[%emt 00:00:14]} Kh5 {[%clk 00:23:42]} {[%emt 00:00:12]} 46. Ke3 {[%clk
00:00:24]} {[%emt 00:00:04]} Nc4+ {[%clk 00:23:39]} {[%emt 00:00:13]} 47. Ke4
{[%clk 00:00:24]} {[%emt 00:00:04]} Re1+ {[%clk 00:23:10]} {[%emt 00:00:40]} 48.
Kd3 {[%clk 00:00:24]} {[%emt 00:00:09]} Nxa3 {[%clk 00:23:10]} {[%emt
00:00:06]} 49. Rf5 {[%clk 00:00:24]} {[%emt 00:00:04]} Rg1 {[%clk 00:20:26]}
{[%emt 00:02:53]} 50. Rxa5 {[%clk 00:00:24]} {[%emt 00:00:06]} Rxg2 {[%clk
00:20:26]} {[%emt 00:00:02]} 51. Ke4 {[%clk 00:00:13]} {[%emt 00:00:22]} Rxg3
{[%emt 00:00:08]} 52. Ra8 {[%clk 00:00:13]} Kg4 {[%clk 00:20:26]} {[%emt
00:00:04]} 53. Ra4 {[%clk 00:00:13]} {[%emt 00:00:03]} Nb1 {[%clk 00:19:55]}
{[%emt 00:00:41]} 54. Ke5+ {[%clk 00:00:13]} {[%emt 00:00:04]} Kh3 {[%clk
00:19:55]} {[%emt 00:00:04]} 55. Kf5 {[%clk 00:00:13]} {[%emt 00:00:02]} Nd2
{[%clk 00:19:45]} {[%emt 00:00:20]} 56. Ra8 {[%clk 00:00:13]} {[%emt 00:00:09]}
Nf3 {[%clk 00:19:45]} {[%emt 00:00:05]} 57. Rh8+ {[%clk 00:00:13]} {[%emt
00:00:10]} Nh4+ {[%clk 00:19:45]} {[%emt 00:00:01]} 58. Ke4 {[%clk 00:00:13]}
{[%emt 00:00:03]} g4 {[%clk 00:19:45]} {[%emt 00:00:01]} 59. Kf4 {[%clk
00:00:13]} {[%emt 00:00:04]} Rf3+ {[%clk 00:19:45]} {[%emt 00:00:01]} 60. Ke4
{[%clk 00:00:13]} {[%emt 00:00:02]} Rf7 {[%clk 00:19:45]} {[%emt 00:00:02]} 61.
Rh6 {[%clk 00:00:13]} {[%emt 00:00:05]} g3 {[%clk 00:19:45]} {[%emt 00:00:01]}
62. Ra6 {[%clk 00:00:13]} {[%emt 00:00:06]} g2 {[%clk 00:19:45]} {[%emt
00:00:05]} 63. Ra1 {[%clk 00:00:13]} {[%emt 00:00:09]} Rf1 {[%clk 00:19:45]}
{[%emt 00:00:02]} 64. Ra3+ {[%clk 00:00:13]} {[%emt 00:00:08]} Kg4 {[%clk
00:19:45]} {[%emt 00:00:02]} 0-1

[Event "2024 US National High School (K-12) Championship"]
[Site "Baltimore, Maryland, United States"]
[Date "2024.04.07"]
[Round "6.20"]
[White "Xie, Timothy"]
[Black "Karthik, Advaith"]
[Result "0-1"]
[TimeControl "G/90; d10"]
[WhiteFideId "30943264"]
[BlackFideId "30946050"]
[WhiteElo "2113"]
[BlackElo "2230"]

1. d4 {[%clk 01:30:00]} {[%emt 00:00:07]} Nf6 {[%clk 01:29:02]} {[%emt
00:01:08]} 2. Bf4 {[%clk 01:30:00]} e6 {[%clk 01:29:02]} {[%emt 00:00:06]} 3.
e3 {[%clk 01:30:00]} {[%emt 00:00:03]} d5 {[%clk 01:29:02]} {[%emt 00:00:06]} 4.
Nd2 {[%clk 01:30:00]} {[%emt 00:00:05]} Bd6 {[%clk 01:29:00]} {[%emt 00:00:11]}
5. Bg3 {[%clk 01:30:00]} {[%emt 00:00:06]} c5 {[%clk 01:29:00]} {[%emt
00:00:06]} 6. c3 {[%clk 01:30:00]} {[%emt 00:00:05]} Qc7 {[%clk 01:28:27]}
{[%emt 00:00:44]} 7. Ngf3 {[%clk 01:29:33]} {[%emt 00:00:38]} Nbd7 {[%clk
01:28:27]} {[%emt 00:00:07]} 8. Bd3 {[%clk 01:29:06]} {[%emt 00:00:37]} O-O
{[%clk 01:28:27]} {[%emt 00:00:06]} 9. Qe2 {[%clk 01:28:47]} {[%emt 00:00:30]}
e5 {[%clk 01:26:50]} {[%emt 00:01:48]} 10. dxe5 {[%clk 01:25:28]} {[%emt
00:03:29]} Nxe5 {[%clk 01:26:50]} {[%emt 00:00:06]} 11. Bxe5 {[%clk 01:23:58]}
{[%emt 00:01:39]} Bxe5 {[%clk 01:26:50]} {[%emt 00:00:08]} 12. e4 {[%clk
01:23:37]} {[%emt 00:00:31]} Bg4 {[%clk 01:24:33]} {[%emt 00:02:27]} 13. h3
{[%clk 01:22:10]} {[%emt 00:01:37]} Bh5 {[%clk 01:21:35]} {[%emt 00:03:08]} 14.
O-O {[%clk 01:12:56]} {[%emt 00:09:24]} Rfe8 {[%clk 01:19:27]} {[%emt
00:02:17]} 15. g4 {[%clk 01:06:27]} {[%emt 00:06:39]} dxe4 {[%clk 01:18:17]}
{[%emt 00:01:21]} 16. Bxe4 {[%clk 00:55:10]} {[%emt 00:11:28]} Nxe4 {[%clk
01:16:29]} {[%emt 00:01:58]} 17. Nxe4 {[%clk 00:54:35]} {[%emt 00:00:45]} Bg6
{[%clk 01:16:29]} {[%emt 00:00:06]} 18. Nfd2 {[%clk 00:54:32]} {[%emt
00:00:12]} Rad8 {[%clk 01:12:37]} {[%emt 00:04:03]} 19. Qf3 {[%clk 00:52:04]}
{[%emt 00:02:37]} Bh2+ {[%clk 01:11:55]} {[%emt 00:00:52]} 20. Kg2 {[%clk
00:51:17]} {[%emt 00:00:57]} Bf4 {[%clk 01:11:55]} {[%emt 00:00:04]} 21. Rfe1
{[%clk 00:49:28]} {[%emt 00:01:58]} f6 {[%clk 00:58:35]} {[%emt 00:13:30]} 22.
Nf1 {[%clk 00:47:27]} {[%emt 00:02:11]} b6 {[%clk 00:56:44]} {[%emt 00:02:03]}
23. b3 {[%clk 00:43:54]} {[%emt 00:03:42]} c4 {[%clk 00:53:42]} {[%emt
00:03:12]} 24. bxc4 {[%clk 00:40:04]} {[%emt 00:04:00]} Qxc4 {[%clk 00:53:42]}
{[%emt 00:00:07]} 25. Qxf4 {[%clk 00:34:42]} {[%emt 00:05:32]} Rxe4 {[%clk
00:53:34]} {[%emt 00:00:18]} 26. Qg3 {[%clk 00:32:51]} {[%emt 00:01:57]} h5
{[%clk 00:49:06]} {[%emt 00:04:42]} 27. Rxe4 {[%clk 00:28:15]} {[%emt
00:04:46]} Qxe4+ {[%clk 00:49:04]} {[%emt 00:00:12]} 28. Kg1 {[%clk 00:26:36]}
{[%emt 00:01:49]} hxg4 {[%clk 00:48:22]} {[%emt 00:00:53]} 29. hxg4 {[%clk
00:24:44]} {[%emt 00:02:00]} Bf7 {[%clk 00:48:22]} {[%emt 00:00:05]} 30. Ne3
{[%clk 00:24:30]} {[%emt 00:00:23]} Qe5 {[%clk 00:44:00]} {[%emt 00:04:33]} 31.
Qxe5 {[%clk 00:20:33]} {[%emt 00:04:07]} fxe5 {[%clk 00:44:00]} {[%emt
00:00:01]} 32. a4 {[%clk 00:17:07]} {[%emt 00:03:35]} Rc8 {[%clk 00:43:52]}
{[%emt 00:00:17]} 33. Ra3 {[%clk 00:16:30]} {[%emt 00:00:48]} Rc5 {[%clk
00:43:52]} {[%emt 00:00:06]} 34. Kf1 {[%clk 00:15:34]} {[%emt 00:01:05]} Ra5
{[%clk 00:43:52]} {[%emt 00:00:04]} 35. Ke2 {[%clk 00:13:46]} {[%emt 00:01:58]}
e4 {[%clk 00:40:52]} {[%emt 00:03:10]} 36. Nf5 {[%clk 00:13:10]} {[%emt
00:00:46]} Be8 {[%clk 00:39:31]} {[%emt 00:01:32]} 37. Nd6 {[%clk 00:12:19]}
{[%emt 00:01:01]} Rxa4 {[%clk 00:38:13]} {[%emt 00:01:28]} 38. Rxa4 {[%clk
00:12:12]} {[%emt 00:00:17]} Bxa4 {[%clk 00:38:13]} {[%emt 00:00:04]} 39. Nc8
{[%clk 00:12:06]} {[%emt 00:00:17]} a5 {[%clk 00:36:18]} {[%emt 00:02:06]} 40.
Nxb6 {[%clk 00:12:06]} {[%emt 00:00:05]} Bc6 {[%clk 00:35:49]} {[%emt
00:00:39]} 41. Ke3 {[%clk 00:11:06]} {[%emt 00:01:09]} a4 {[%clk 00:35:41]}
{[%emt 00:00:19]} 42. Nc4 {[%clk 00:11:06]} {[%emt 00:00:04]} Kf8 {[%clk
00:34:01]} {[%emt 00:01:50]} 43. Kd4 {[%clk 00:10:44]} {[%emt 00:00:32]} Ke7
{[%clk 00:34:00]} {[%emt 00:00:10]} 44. Kc5 {[%clk 00:09:36]} {[%emt 00:01:18]}
Bd7 {[%clk 00:33:56]} {[%emt 00:00:15]} 45. Kd4 {[%clk 00:07:45]} {[%emt
00:02:02]} Bxg4 {[%clk 00:33:49]} {[%emt 00:00:17]} 46. Kxe4 {[%clk 00:07:45]}
{[%emt 00:00:04]} Be6 {[%clk 00:33:48]} {[%emt 00:00:11]} 47. Na3 {[%clk
00:07:45]} {[%emt 00:00:04]} Kd6 {[%clk 00:33:48]} {[%emt 00:00:10]} 48. Kd4
{[%clk 00:07:45]} {[%emt 00:00:08]} Bb3 {[%clk 00:33:42]} {[%emt 00:00:16]} 49.
Nb5+ {[%clk 00:07:26]} {[%emt 00:00:29]} Kc6 {[%clk 00:33:42]} {[%emt
00:00:05]} 50. Na3 {[%clk 00:07:26]} {[%emt 00:00:04]} Kb6 {[%clk 00:33:06]}
{[%emt 00:00:46]} 51. Nb1 {[%clk 00:06:41]} {[%emt 00:00:54]} Kc6 {[%clk
00:32:33]} {[%emt 00:00:42]} 52. Na3 {[%clk 00:06:41]} {[%emt 00:00:06]} Kd6
{[%clk 00:32:33]} {[%emt 00:00:04]} 53. Nb5+ {[%clk 00:06:38]} {[%emt
00:00:13]} Ke6 {[%clk 00:32:33]} {[%emt 00:00:07]} 54. Ke4 {[%clk 00:06:38]}
{[%emt 00:00:08]} Bd5+ {[%clk 00:32:24]} {[%emt 00:00:19]} 55. Kf4 {[%clk
00:06:29]} {[%emt 00:00:18]} Bc6 {[%clk 00:32:24]} {[%emt 00:00:10]} 56. Na3
{[%clk 00:06:29]} {[%emt 00:00:05]} Kd5 {[%clk 00:32:07]} {[%emt 00:00:28]} 57.
Kf5 {[%clk 00:06:29]} {[%emt 00:00:07]} Be8 {[%clk 00:32:07]} {[%emt 00:00:06]}
58. Kf4 {[%clk 00:06:26]} {[%emt 00:00:14]} Bg6 {[%clk 00:31:58]} {[%emt
00:00:18]} 59. Kg5 {[%clk 00:06:22]} {[%emt 00:00:15]} Bd3 {[%clk 00:31:58]}
{[%emt 00:00:05]} 60. Kf4 {[%clk 00:06:22]} {[%emt 00:00:07]} Bf1 {[%clk
00:31:58]} {[%emt 00:00:09]} 61. Kf5 {[%clk 00:06:21]} {[%emt 00:00:11]} Bd3
{[%clk 00:31:54]} {[%emt 00:00:13]} 62. Kf4 {[%clk 00:06:21]} {[%emt 00:00:05]}
Bh7 {[%clk 00:31:54]} {[%emt 00:00:04]} 63. Ke3 {[%clk 00:06:19]} {[%emt
00:00:13]} g5 {[%clk 00:31:54]} {[%emt 00:00:06]} 64. Kf3 {[%clk 00:06:18]}
{[%emt 00:00:11]} Bf5 {[%clk 00:31:49]} {[%emt 00:00:15]} 65. Ke3 {[%clk
00:06:18]} {[%emt 00:00:05]} Be4 {[%clk 00:31:12]} {[%emt 00:00:48]} 66. Nb5
{[%clk 00:06:08]} {[%emt 00:00:21]} Bg2 {[%clk 00:30:49]} {[%emt 00:00:31]} 67.
Na3 {[%clk 00:06:08]} {[%emt 00:00:05]} Bh3 {[%clk 00:30:36]} {[%emt 00:00:23]}
68. Kf3 {[%clk 00:06:08]} {[%emt 00:00:06]} Be6 {[%clk 00:30:36]} {[%emt
00:00:09]} 69. Ke3 {[%clk 00:06:08]} {[%emt 00:00:06]} Ke5 {[%clk 00:30:36]}
{[%emt 00:00:09]} 70. Nc2 {[%clk 00:06:06]} {[%emt 00:00:12]} Bb3 {[%clk
00:30:34]} {[%emt 00:00:12]} 71. Na3 {[%clk 00:06:06]} {[%emt 00:00:04]} Kf5
{[%clk 00:29:41]} {[%emt 00:01:03]} 72. Kf3 {[%clk 00:06:02]} {[%emt 00:00:14]}
Bd1+ {[%clk 00:29:33]} {[%emt 00:00:17]} 73. Ke3 {[%clk 00:06:02]} {[%emt
00:00:04]} Kg4 {[%clk 00:29:33]} {[%emt 00:00:07]} 74. Ke4 {[%clk 00:05:59]}
{[%emt 00:00:13]} Bf3+ {[%clk 00:29:29]} {[%emt 00:00:14]} 75. Ke3 {[%clk
00:05:59]} {[%emt 00:00:07]} Bd5 {[%clk 00:29:28]} {[%emt 00:00:11]} 76. Nc2
{[%clk 00:05:59]} {[%emt 00:00:08]} Kh3 {[%clk 00:29:17]} {[%emt 00:00:19]} 77.
Na3 {[%clk 00:05:56]} {[%emt 00:00:15]} Kg2 {[%clk 00:29:15]} {[%emt 00:00:11]}
78. Ke2 {[%clk 00:05:25]} {[%emt 00:00:42]} Bf7 {[%clk 00:29:12]} {[%emt
00:00:13]} 79. Nc2 {[%clk 00:05:25]} {[%emt 00:00:07]} Bc4+ {[%clk 00:29:07]}
{[%emt 00:00:17]} 80. Ke3 {[%clk 00:05:25]} {[%emt 00:00:03]} Kf1 {[%clk
00:29:03]} {[%emt 00:00:14]} 81. Kf3 {[%clk 00:04:50]} {[%emt 00:00:45]} Bb3
{[%clk 00:29:01]} {[%emt 00:00:12]} 82. Na3 {[%clk 00:04:50]} {[%emt 00:00:08]}
Ke1 {[%clk 00:28:58]} {[%emt 00:00:12]} 83. c4 {[%clk 00:04:46]} {[%emt
00:00:16]} Kd2 {[%clk 00:28:58]} {[%emt 00:00:05]} 84. c5 {[%clk 00:04:40]}
{[%emt 00:00:17]} Kc3 {[%clk 00:28:58]} {[%emt 00:00:05]} 85. Ke4 {[%clk
00:04:30]} {[%emt 00:00:19]} Kb4 {[%clk 00:28:58]} {[%emt 00:00:04]} 86. Nb1
{[%clk 00:04:30]} {[%emt 00:00:08]} Bc2 {[%clk 00:28:58]} {[%emt 00:00:05]} 87.
Ke5 {[%clk 00:04:21]} {[%emt 00:00:19]} Bxb1 {[%clk 00:28:55]} {[%emt
00:00:13]} 88. c6 {[%clk 00:04:21]} {[%emt 00:00:04]} Bd3 {[%clk 00:28:55]}
{[%emt 00:00:02]} 89. c7 {[%clk 00:04:21]} {[%emt 00:00:05]} Ba6 {[%emt
00:00:44]} 0-1

[Event "2024 US National High School (K-12) Championship"]
[Site "Baltimore, Maryland, United States"]
[Date "2024.04.07"]
[Round "6.21"]
[White "Chen, Davin"]
[Black "Waxberg, Jason"]
[Result "1-0"]
[TimeControl "G/90; d10"]
[WhiteElo "1683"]
[BlackElo "1860"]

1. Nf3 {[%clk 01:30:00]} {[%emt 00:00:54]} Nf6 {[%clk 01:30:00]} 2. b3 {[%clk
01:30:00]} {[%emt 00:00:02]} d5 {[%clk 01:30:00]} 3. Bb2 {[%clk 01:30:00]} c5
{[%clk 01:30:00]} 4. e3 {[%clk 01:30:00]} Nc6 {[%clk 01:30:00]} {[%emt
00:00:04]} 5. Bb5 {[%clk 01:30:00]} Qc7 {[%clk 01:30:00]} {[%emt 00:00:03]} 6.
O-O {[%clk 01:30:00]} {[%emt 00:00:03]} a6 {[%clk 01:30:00]} {[%emt 00:00:01]}
7. Bxc6+ {[%clk 01:30:00]} {[%emt 00:00:03]} Qxc6 {[%clk 01:30:00]} 8. Ne5
{[%clk 01:29:47]} {[%emt 00:00:26]} Qc7 {[%clk 01:30:00]} 9. d3 {[%clk
01:29:16]} {[%emt 00:00:36]} e6 {[%clk 01:28:35]} {[%emt 00:01:28]} 10. Nd2
{[%clk 01:29:05]} {[%emt 00:00:21]} Bd6 {[%clk 01:28:33]} {[%emt 00:00:33]} 11.
f4 {[%clk 01:28:53]} {[%emt 00:00:03]} O-O {[%clk 01:28:24]} {[%emt 00:00:15]}
12. Ndf3 {[%clk 01:28:52]} {[%emt 00:00:41]} b6 {[%clk 01:27:19]} {[%emt
00:00:47]} 13. Qe1 {[%clk 01:28:40]} {[%emt 00:00:24]} Nd7 {[%clk 01:24:13]}
{[%emt 00:03:10]} 14. Ng4 {[%clk 01:24:15]} {[%emt 00:04:44]} f6 {[%clk
01:21:06]} {[%emt 00:03:31]} 15. Qg3 {[%clk 01:22:15]} {[%emt 00:01:53]} d4
{[%clk 01:18:43]} {[%emt 00:02:32]} 16. Nh4 {[%clk 01:20:25]} {[%emt 00:02:00]}
e5 {[%clk 01:12:00]} {[%emt 00:07:01]} 17. Nf5 {[%clk 01:05:30]} {[%emt
00:14:58]} Nb8 {[%clk 01:11:38]} {[%emt 00:00:31]} 18. fxe5 {[%clk 00:59:31]}
{[%emt 00:06:09]} Bxe5 {[%clk 01:10:09]} {[%emt 00:01:41]} 19. Nxe5 {[%clk
00:59:20]} {[%emt 00:00:48]} Bxf5 {[%clk 01:09:52]} {[%emt 00:00:17]} 20. Rxf5
{[%clk 00:59:10]} {[%emt 00:00:17]} fxe5 {[%clk 01:09:51]} 21. Rxf8+ {[%clk
00:58:41]} {[%emt 00:00:39]} Kxf8 {[%clk 01:09:51]} {[%emt 00:00:04]} 22. Qf3+
{[%clk 00:58:41]} {[%emt 00:00:05]} Ke8 {[%clk 01:08:50]} {[%emt 00:00:30]} 1-0